000 00644nam a2200205 a 4500
001 000034651
005 20200930073823.0
008 111012s1999 sp 000 0 spa d
020 _a8476729960
040 _aDO-SdBNP
_bspa
_cBNPHU
082 _axxxx
_bxxxx
100 1 _aTolstoi, León1
_960087
245 1 0 _aCartas /
_cLeón Tolstoi ; traducción Miguel Agudo ; prólogo y presentación Francesc LL. Cardona.
260 _aBarcelona, :
_bEdicomunicación,
_c1999.
300 _a284 p. ;
_c19 cm.
490 1 _aCultura
700 1 _aAgudo, Miguel,
_etr.
_960088
700 1 _aLL. Cardona, Francesc
_epról.
_960089
830 0 _aCultura
_956064
999 _c34142
_d34142